Qurani Malmoot / (Record no. 593383)
[ view plain ]
| 000 -LEADER | |
|---|---|
| fixed length control field | 00285nam a22001217a 4500 |
| 003 - CONTROL NUMBER IDENTIFIER | |
| control field | NUST |
| 082 ## - DEWEY DECIMAL CLASSIFICATION NUMBER | |
| Classification number | 297,KAH |
| 100 ## - MAIN ENTRY--PERSONAL NAME | |
| Personal name | Khan, Abdul Waheed |
| 245 ## - TITLE STATEMENT | |
| Title | Qurani Malmoot / |
| Statement of responsibility, etc. | Abdul Waheed Khan, |
| 260 ## - PUBLICATION, DISTRIBUTION, ETC. | |
| Place of publication, distribution, etc. | Pakistan |
| Name of publisher, distributor, etc. | Karachi |
| 650 ## - SUBJECT ADDED ENTRY--TOPICAL TERM | |
| Topical term or geographic name entry element | Qurani Malmoot |
| 9 (RLIN) | 109286 |
| 942 ## - ADDED ENTRY ELEMENTS (KOHA) | |
| Source of classification or shelving scheme | |
| Koha item type | Book |
| Withdrawn status | Lost status | Source of classification or shelving scheme | Damaged status | Not for loan | Permanent Location | Current Location | Shelving location | Date acquired | Total Checkouts | Full call number | Barcode | Date last seen | Price effective from | Koha item type | Public note |
|---|---|---|---|---|---|---|---|---|---|---|---|---|---|---|---|
| Military College of Signals (MCS) | Military College of Signals (MCS) | General Stacks | 02/21/2023 | 297,KAH | MCS38088 | 02/21/2023 | 02/21/2023 | Book | Almirah No.63, Shelf No.2 |
